Statistics for Roblox bedwars kits

Click here to take the quiz!

General Stats

  • This quiz has been taken 98 times
  • The average score is 23 of 47

Answer Stats

HintAnswer% Correct
Season 1Pyro
81%
Season 3Aery
78%
GamepassBarbarian
76%
Season 1Jade
69%
GamepassArcher
66%
GamepassFarmer Cletus
66%
BundleVoid Regent
61%
GamepassYuzi
61%
GamepassGrim Reaper
59%
GamepassBaker
58%
Season 1Bounty Hunter
58%
GamepassBuilder
58%
Season 2Fisherman
58%
Season 2Gompy
58%
Season 4Nyx
58%
Season 2Ares
56%
Season 1Beekeeper
56%
Season 1Warrior
56%
Season 3Santa
53%
BundleEmber
51%
Season 3Frosty
51%
BundleLumen
51%
Season 1Raven
51%
Season 3Smoke
51%
GamepassAxolotl Amy
47%
Season 3GIngerbread
47%
GamepassLassy
47%
Season 4Metal Detector
47%
Season 2Trapper
47%
Season 3Yeti
47%
Season 4Crocowolf
46%
Season 2Jack
46%
GamepassEldertree
44%
Season 1Spirit Catcher
44%
GamepassCyber
42%
GamepassMiner
41%
GamepassPirate Davey
41%
GamepassVanessa
41%
Season 4Alchemist
39%
GamepassMelody
37%
GamepassVulcan
37%
GamepassInfernal Shielder
34%
Season 4Conqueror
32%
GamepassTrinity
31%
GamepassFreiya
29%
GamepassWizard
29%
Season 4Sheep Header
14%

Score Distribution

Percentile by Number Answered

Percent of People with Each Score

Your Score History

You have not taken this quiz